[Event "XXX Roquetas de Mar Open 2019"]
[Site "Roquetas de Mar"]
[Date "2019.01.04"]
[Round "5"]
[White "Garcia Moreno, Carlos"]
[Black "Suarez Uriel, Adrian"]
[Result "1/2-1/2"]
[WhiteElo "2269"]
[BlackElo "2391"]
[Annotator "NA"]
[PlyCount "135"]
[EventDate "2019.01.02"]
[EventType "swiss"]
[EventCountry "ESP"]
[SourceTitle "playchess.com"]
[Source "ChessBase"]
[SourceQuality "1"]
[TimeControl "5400+30"]

1. e4 {[%emt 0:00:00]} d6 {[%emt 0:00:01]} 2. d4 {[%emt 0:00:10]} Nf6 {[%emt 0:00:05]} 3. Nc3 {[%emt 0:00:32]} e5 {[%emt 0:00:05]} 4. Nf3 {[%emt 0:02:41]} Nbd7 {[%emt 0:00:17]} 5. Bc4 {[%emt 0:01:42]} Be7 {[%emt 0:00:05]} 6. O-O {[%emt 0:02:41]} exd4 {[%emt 0:01:24]} 7. Nxd4 {[%emt 0:02:18]} Nb6 {[%emt 0:00:04]} 8. Be2 {[%emt 0:06:05]} O-O {[%emt 0:00:19]} 9. a4 {[%emt 0:07:04]} a5 {[%emt 0:00:01]} 10. Bf3 {[%emt 0:09:13]} c6 {[%emt 0:03:12]} 11. Re1 {[%emt 0:01:01]} Re8 {[%emt 0:01:35]} 12. h3 {[%emt 0:13:58]} Bf8 {[%emt 0:01:50]} 13. b3 {[%emt 0:07:12]} Nbd7 {[%emt 0:13:54]} 14. g3 {[%emt 0:01:53]} Nc5 {[%emt 0:00:34]} 15. Bg2 {[%emt 0:00:26]} h6 {[%emt 0:02:03]} 16. Ba3 {[%emt 0:04:52]} Qb6 {[%emt 0:02:21]} 17. Qd2 {[%emt 0:00:30]} Bd7 {[%emt 0:00:42]} 18. Rad1 {[%emt 0:00:43]} Rad8 {[%emt 0:00:05]} 19. Qc1 {[%emt 0:10:20]} Bc8 {[%emt 0:00:46]} 20. Re3 {[%emt 0:01:28]} Re7 {[%emt 0:14:57]} 21. Bb2 {[%emt 0:09:54]} Rde8 {[%emt 0:02:59]} 22. Rde1 {[%emt 0:00:28]} g6 {[%emt 0:05:23]} 23. Qd1 {[%emt 0:03:31]} Bg7 {[%emt 0:00:30]} 24. Ba1 {[%emt 0:04:14]} h5 {[%emt 0:01:05]} 25. R3e2 {[%emt 0:05:59]} Qc7 {[%emt 0:11:05]} 26. Qd2 {[%emt 0:00:17]} Qb6 {[%emt 0:02:20]} 27. Qf4 {[%emt 0:01:45]} Nfd7 {[%emt 0:06:38]} 28. Qd2 {[%emt 0:00:02]} Kh7 {[%emt 0:02:17]} 29. Nf3 {[%emt 0:01:33]} Ne5 {[%emt 0:02:53]} 30. Ng5+ {[%emt 0:01:25]} Kg8 {[%emt 0:00:01]} 31. Qxd6 {[%emt 0:00:19]} Qa7 {[%emt 0:11:15]} 32. Qd1 {[%emt 0:00:01]} Bh6 {[%emt 0:02:15]} 33. Nf3 {[%emt 0:00:23]} Nxf3+ {[%emt 0:00:08]} 34. Bxf3 {[%emt 0:00:01]} Bxh3 {[%emt 0:00:06]} 35. Qd4 {[%emt 0:01:03]} Kh7 {[%emt 0:01:28]} 36. e5 {[%emt 0:01:35]} Rd7 {[%emt 0:02:03]} 37. Qh4 {[%emt 0:00:01]} Bf5 {[%emt 0:00:22]} 38. Kg2 {[%emt 0:00:55]} Qb6 {[%emt 0:01:47]} 39. g4 {[%emt 0:00:42]} Qb4 {[%emt 0:00:56]} 40. Ne4 {[%emt 0:00:18]} Bxe4 {[%emt 0:01:30]} 41. Bxe4 {[%emt 0:00:10]} Ne6 {[%emt 0:00:44]} 42. gxh5 {[%emt 0:00:58]} Nf4+ {[%emt 0:00:18]} 43. Kh2 {[%emt 0:00:35]} Nxe2 {[%emt 0:01:08]} 44. hxg6+ {[%emt 0:00:17]} fxg6 {[%emt 0:00:02]} 45. Rxe2 {[%emt 0:00:43]} Rg8 {[%emt 0:03:52]} 46. e6 {[%emt 0:00:30]} Qd6+ {[%emt 0:00:30]} 47. f4 {[%emt 0:00:21]} Qxf4+ {[%emt 0:00:57]} 48. Qxf4 {[%emt 0:00:01]} Bxf4+ {[%emt 0:00:05]} 49. Kg2 {[%emt 0:00:03]} Rd2 {[%emt 0:00:16]} 50. Rxd2 {[%emt 0:00:51]} Bxd2 {[%emt 0:00:01]} 51. Bd3 {[%emt 0:00:31]} Bb4 {[%emt 0:00:19]} 52. Kf3 {[%emt 0:00:36]} Kh6 {[%emt 0:00:12]} 53. Kg4 {[%emt 0:00:35]} Be7 {[%emt 0:02:56]} 54. Bc3 {[%emt 0:00:52]} b6 {[%emt 0:00:05]} 55. Bd4 {[%emt 0:00:02]} c5 {[%emt 0:00:11]} 56. Be3+ {[%emt 0:00:44]} Kg7 {[%emt 0:00:04]} 57. Bf4 {[%emt 0:00:27]} Kf6 {[%emt 0:02:46]} 58. Bg5+ {[%emt 0:00:01]} Ke5 {[%emt 0:00:31]} 59. Bxe7 {[%emt 0:00:04]} Re8 {[%emt 0:00:01]} 60. Bh4 {[%emt 0:00:40]} Rxe6 {[%emt 0:00:07]} 61. Bf2 {[%emt 0:01:10]} Rf6 {[%emt 0:00:25]} 62. Be3 {[%emt 0:00:20]} Kd5 {[%emt 0:00:08]} 63. Kg5 {[%emt 0:00:55]} Rf3 {[%emt 0:00:06]} 64. Bf4 {[%emt 0:00:17]} Kd4 {[%emt 0:00:40]} 65. Bc7 {[%emt 0:00:26]} Rxd3 {[%emt 0:00:09]} 66. cxd3 {[%emt 0:00:05]} Kxd3 {[%emt 0:00:08]} 67. Bxb6 {[%emt 0:00:06]} Kc3 {[%emt 0:00:06]} 68. Bxc5 {[%emt 0:00:11]} 1/2-1/2

[Event "XXX Roquetas de Mar Open 2019"]
[Site "Roquetas de Mar"]
[Date "2019.01.04"]
[Round "5"]
[White "Sanchez Jerez, Emilio Miguel"]
[Black "Sadzikowski, Daniel"]
[Result "1/2-1/2"]
[WhiteElo "2183"]
[BlackElo "2534"]
[Annotator "ChessBase"]
[PlyCount "121"]
[EventDate "2019.01.02"]
[EventType "swiss"]
[EventCountry "ESP"]
[SourceTitle "playchess.com"]
[Source "ChessBase"]
[SourceQuality "1"]
[TimeControl "5400+30"]

1. Nc3 {[%emt 0:00:00]} d5 {[%emt 0:00:07]} 2. e4 {[%emt 0:00:00]} d4 {[%emt 0:00:58]} 3. Nb1 {[%emt 0:00:00]} c5 {[%emt 0:01:08]} 4. Bc4 {[%emt 0:01:28]} Nc6 {[%emt 0:01:45]} 5. d3 {[%emt 0:00:18]} e6 {[%emt 0:11:26]} 6. f4 {[%emt 0:02:54]} b5 {[%emt 0:04:01]} 7. Bb3 {[%emt 0:00:06]} Na5 {[%emt 0:00:04]} 8. Nf3 {[%emt 0:00:49]} Ne7 {[%emt 0:00:38]} 9. O-O {[%emt 0:04:02]} Nec6 {[%emt 0:06:00]} 10. Nbd2 {[%emt 0:13:05]} Be7 {[%emt 0:02:13]} 11. a4 {[%emt 0:12:48]} Nxb3 {[%emt 0:00:09]} 12. Nxb3 {[%emt 0:02:51]} Ba6 {[%emt 0:10:29]} 13. Ne5 {[%emt 0:15:09]} Qc7 {[%emt 0:07:19]} 14. Nxc6 {[%emt 0:03:01]} Qxc6 {[%emt 0:00:05]} 15. Na5 {[%emt 0:00:27]} Qd7 {[%emt 0:03:35]} 16. axb5 {[%emt 0:00:26]} Bxb5 {[%emt 0:00:01]} 17. b3 {[%emt 0:00:35]} f5 {[%emt 0:03:53]} 18. exf5 {[%emt 0:02:14]} exf5 {[%emt 0:00:14]} 19. Qf3 {[%emt 0:05:24]} O-O {[%emt 0:00:11]} 20. Bd2 {[%emt 0:00:13]} Rae8 {[%emt 0:06:43]} 21. Qb7 {[%emt 0:06:14]} Qxb7 {[%emt 0:24:12]} 22. Nxb7 {[%emt 0:00:06]} Rf7 {[%emt 0:01:01]} 23. Rfe1 {[%emt 0:09:42]} Bf8 {[%emt 0:00:01]} 24. Rxe8 {[%emt 0:01:44]} Bxe8 {[%emt 0:00:01]} 25. Re1 {[%emt 0:07:12]} Re7 {[%emt 0:01:34]} 26. Rxe7 {[%emt 0:01:12]} Bxe7 {[%emt 0:00:02]} 27. Kf2 {[%emt 0:00:33]} Kf7 {[%emt 0:02:14]} 28. g3 {[%emt 0:02:41]} Ke6 {[%emt 0:00:17]} 29. Na5 {[%emt 0:01:03]} Kd5 {[%emt 0:03:17]} 30. Nc4 {[%emt 0:00:27]} Bb5 {[%emt 0:01:24]} 31. Ne5 {[%emt 0:00:54]} Bf6 {[%emt 0:00:34]} 32. Nf3 {[%emt 0:00:57]} Bd8 {[%emt 0:01:15]} 33. h3 {[%emt 0:01:33]} a5 {[%emt 0:00:40]} 34. g4 {[%emt 0:01:30]} fxg4 {[%emt 0:02:44]} 35. hxg4 {[%emt 0:00:03]} g6 {[%emt 0:01:38]} 36. g5 {[%emt 0:02:40]} a4 {[%emt 0:00:45]} 37. bxa4 {[%emt 0:00:03]} Bxa4 {[%emt 0:00:08]} 38. c4+ {[%emt 0:00:50]} Ke6 {[%emt 0:01:19]} 39. Ne5 {[%emt 0:01:33]} Kf5 {[%emt 0:02:18]} 40. Nf7 {[%emt 0:01:01]} Bc7 {[%emt 0:00:20]} 41. Nh6+ {[%emt 0:00:09]} Ke6 {[%emt 0:00:05]} 42. Ke2 {[%emt 0:00:23]} Bd6 {[%emt 0:01:16]} 43. Bc1 {[%emt 0:01:23]} Bc2 {[%emt 0:01:19]} 44. Bd2 {[%emt 0:00:31]} Bf8 {[%emt 0:00:32]} 45. Ba5 {[%emt 0:00:40]} Bd6 {[%emt 0:00:02]} 46. Bd2 {[%emt 0:00:04]} Ba4 {[%emt 0:00:28]} 47. Bc1 {[%emt 0:00:04]} Bc6 {[%emt 0:01:06]} 48. Bd2 {[%emt 0:00:08]} Bg2 {[%emt 0:00:29]} 49. Bc1 {[%emt 0:00:26]} Bh3 {[%emt 0:00:11]} 50. Bd2 {[%emt 0:00:21]} Bc7 {[%emt 0:01:40]} 51. Kf2 {[%emt 0:00:32]} Bd6 {[%emt 0:00:49]} 52. Ke2 {[%emt 0:00:06]} Bc7 {[%emt 0:00:00]} 53. Kf2 {[%emt 0:00:07]} Ke7 {[%emt 0:00:43]} 54. Ng8+ {[%emt 0:00:32]} Kf7 {[%emt 0:00:24]} 55. Nh6+ {[%emt 0:00:06]} Kf8 {[%emt 0:00:34]} 56. Ke2 {[%emt 0:00:10]} Be6 {[%emt 0:00:13]} 57. Kf2 {[%emt 0:00:16]} Ke7 {[%emt 0:00:15]} 58. Ke2 {[%emt 0:00:17]} Kd7 {[%emt 0:00:10]} 59. Kf2 {[%emt 0:01:54]} Ke7 {[%emt 0:00:55]} 60. Ke2 {[%emt 0:00:09]} Kd7 {[%emt 0:00:55]} 61. Kf2 {[%emt 0:00:04]} 1/2-1/2